[Event "FICGS W-ch st1 g01 email"]
[Site "FICGS email"]
[Date "2023.07.04"]
[Round "1"]
[White "Endean, Andrew"]
[Black "Faust, Dieter"]
[Result "1/2-1/2"]
[WhiteElo "2006"]
[BlackElo "2000"]
[PlyCount "45"]
[EventDate "2023.??.??"]
[EventType "tourn (corr)"]
[EventRounds "6"]
[SourceTitle "Corr 2024"]
[Source "ChessBase"]
[SourceDate "2023.10.19"]
[SourceVersion "1"]
[SourceVersionDate "2023.10.19"]
[SourceQuality "1"]

1. d4 e6 2. c4 Nf6 3. Nf3 d5 4. Nc3 Bb4 5. Bg5 Nbd7 6. cxd5 exd5 7. e3 c5 8. Bd3 c4 9. Bf5 Qa5 10. Qc2 0-0 11. 0-0 Re8 12. Nd2 g6 13. Bxd7 Nxd7 14. f3 Bf8 15. a3 Nb6 16. b4 Qa6 17. Bf4 Be6 18. Kh1 Rad8 19. Bg3 Bg7 20. a4 Na8 21. Rab1 Qb6 22. a5 Qa6 23. Rfe1 1/2-1/2

[Event "FICGS W-ch st1 g01 email"]
[Site "FICGS email"]
[Date "2023.07.04"]
[Round "1"]
[White "Endean, Andrew"]
[Black "Ward, David"]
[Result "1/2-1/2"]
[WhiteElo "2006"]
[BlackElo "2113"]
[PlyCount "51"]
[EventDate "2023.??.??"]
[EventType "tourn (corr)"]
[EventRounds "6"]
[SourceTitle "Corr 2024"]
[Source "ChessBase"]
[SourceDate "2023.10.19"]
[SourceVersion "1"]
[SourceVersionDate "2023.10.19"]
[SourceQuality "1"]

1. d4 Nf6 2. c4 e6 3. Nf3 b6 4. g3 Ba6 5. b3 d5 6. Bg2 dxc4 7. Ne5 Bb4+ 8. Kf1 Bd6 9. Nxc4 Nd5 10. e4 Ne7 11. Bb2 Nbc6 12. Nbd2 0-0 13. Kg1 b5 14. Ne3 e5 15. dxe5 Bxe5 16. Bxe5 Nxe5 17. Nf3 Nxf3+ 18. Bxf3 Bb7 19. Kg2 f5 20. Qc2 Qd4 21. Rhd1 Qe5 22. exf5 Bxf3+ 23. Kxf3 Nxf5 24. Nxf5 Qxf5+ 25. Qxf5 Rxf5+ 26. Kg2 1/2-1/2

[Event "LSS SN-2023-0-01036"]
[Site "LSS email"]
[Date "2023.03.13"]
[Round "?"]
[White "Endean, Andrew"]
[Black "Martin, Hector"]
[Result "1-0"]
[WhiteElo "929"]
[BlackElo "875"]
[PlyCount "53"]
[EventDate "2022.03.20"]
[EventType "tourn (corr)"]
[EventRounds "6"]
[EventCountry "GER"]
[SourceTitle "Corr 2024"]
[Source "ChessBase"]
[SourceDate "2023.10.19"]
[SourceVersion "1"]
[SourceVersionDate "2023.10.19"]
[SourceQuality "1"]

1. d4 d5 2. c4 Nf6 3. Nc3 e6 4. Nf3 Bb4 5. Bd2 b6 6. g3 dxc4 7. Bg2 Bb7 8. 0-0 0-0 9. a3 Bd6 10. Re1 Nbd7 11. Bg5 a5 12. e4 e5 13. d5 Nc5 14. Nd2 Nd3 15. Rf1 Bc5 16. Qc2 c6 17. Nxc4 Nxf2 18. Rxf2 Bxf2+ 19. Qxf2 cxd5 20. Nxd5 Bxd5 21. exd5 b5 22. Nxe5 Ra6 23. Nc6 Qd6 24. Bxf6 Qxf6 25. Qxf6 gxf6 26. Re1 Kg7 27. Bf1 1-0

[Event "LSS SN-2023-0-01036"]
[Site "LSS email"]
[Date "2023.02.27"]
[Round "?"]
[White "Ventura, Bob"]
[Black "Endean, Andrew"]
[Result "1/2-1/2"]
[WhiteElo "828"]
[BlackElo "929"]
[PlyCount "67"]
[EventDate "2022.03.20"]
[EventType "tourn (corr)"]
[EventRounds "6"]
[EventCountry "GER"]
[SourceTitle "Corr 2024"]
[Source "ChessBase"]
[SourceDate "2023.10.19"]
[SourceVersion "1"]
[SourceVersionDate "2023.10.19"]
[SourceQuality "1"]

1. e4 c5 2. Nf3 d6 3. h3 Nf6 4. d4 cxd4 5. Qxd4 Nc6 6. Qe3 e6 7. Bd3 Be7 8. Nc3 0-0 9. b3 b6 10. Bb2 Bb7 11. Ne2 Rc8 12. 0-0 Nb4 13. c3 Nxd3 14. Qxd3 Bxe4 15. Qe3 Bxf3 16. Qxf3 d5 17. Nd4 h6 18. Rac1 Bc5 19. Rfe1 Ne4 20. b4 Bxd4 21. cxd4 Qf6 22. Qe3 Rfd8 23. Kh2 Qxf2 24. Rxc8 Rxc8 25. Qxf2 Nxf2 26. Re3 Ne4 27. a4 Rc4 28. a5 bxa5 29. bxa5 a6 30. Ba3 Rc3 31. Rf3 Rxf3 32. gxf3 Nd2 33. Bb2 Nc4 34. Bc3 1/2-1/2

[Event "RF-2022-0-00522"]
[Site "LSS email"]
[Date "2022.09.07"]
[Round "?"]
[White "Zmolil, Karel"]
[Black "Endean, Andrew"]
[Result "1-0"]
[WhiteElo "1038"]
[BlackElo "1093"]
[PlyCount "35"]
[EventDate "2022.03.06"]
[EventType "tourn (corr)"]
[EventRounds "6"]
[EventCountry "GER"]
[SourceTitle "Corr 2024"]
[Source "ChessBase"]
[SourceDate "2023.10.19"]
[SourceVersion "1"]
[SourceVersionDate "2023.10.19"]
[SourceQuality "1"]

1. e4 d5 2. exd5 Qxd5 3. Nc3 Qa5 4. d3 Nf6 5. Bd2 Qb6 6. Na4 Qc6 7. c3 e5 8. b3 Be7 9. Nb2 0-0 10. Qf3 Bg4 11. Qg3 Nbd7 12. h3 Be6 13. Nf3 Nh5 14. Qh2 Rad8 15. Be2 f5 16. Nxe5 Nxe5 17. Qxe5 Bd6 18. Qxe6+ 1-0

[Event "LSS SF-2022-0-00522"]
[Site "LSS email"]
[Date "2022.04.29"]
[Round "?"]
[White "Shim Ng Min, Francis"]
[Black "Endean, Andrew"]
[Result "0-1"]
[WhiteElo "1000"]
[BlackElo "1162"]
[PlyCount "56"]
[EventDate "2022.02.24"]
[EventType "tourn (corr)"]
[EventRounds "6"]
[EventCountry "GER"]
[SourceTitle "Corr 2024"]
[Source "ChessBase"]
[SourceDate "2023.10.19"]
[SourceVersion "1"]
[SourceVersionDate "2023.10.19"]
[SourceQuality "1"]

1. e4 c5 2. Nf3 d6 3. d4 cxd4 4. Nxd4 Nf6 5. Nc3 a6 6. Bg5 e6 7. f4 Qb6 8. Qd2 Qxb2 9. Rb1 Qa3 10. e5 h6 11. Bh4 dxe5 12. fxe5 Nfd7 13. Ne4 Qxa2 14. Rd1 Qd5 15. Qe3 Qxe5 16. Bg3 Qa5+ 17. c3 Be7 18. Be2 0-0 19. 0-0 Nf6 20. Bd3 Nxe4 21. Qxe4 g6 22. Bxb8 Rxb8 23. Qf4 Bd7 24. Qxh6 Qg5 25. Qxg5 Bxg5 26. Nf3 Be3+ 27. Kh1 Bc6 28. Ne5 Rbc8 0-1

[Event "SE-2022-0-00335"]
[Site "LSS email"]
[Date "2022.04.28"]
[Round "?"]
[White "Endean, Andrew"]
[Black "Grimm, Wolfgang"]
[Result "0-1"]
[WhiteElo "1162"]
[BlackElo "1379"]
[PlyCount "48"]
[EventDate "2021.10.09"]
[EventType "tourn (corr)"]
[EventRounds "6"]
[EventCountry "GER"]
[SourceTitle "Corr 2024"]
[Source "ChessBase"]
[SourceDate "2023.10.19"]
[SourceVersion "1"]
[SourceVersionDate "2023.10.19"]
[SourceQuality "1"]

1. d4 Nf6 2. c4 e6 3. Nf3 Nc6 4. Nc3 Bb4 5. Qc2 d5 6. e3 0-0 7. a3 Bxc3+ 8. Qxc3 Ne4 9. Qc2 f5 10. Be2 Qf6 11. 0-0 a5 12. cxd5 exd5 13. Bd2 f4 14. exf4 Nxd2 15. Qxd2 Qxf4 16. Qxf4 Rxf4 17. Rfd1 Bg4 18. Kf1 Rd8 19. h3 Bxf3 20. Bxf3 Nxd4 21. g3 Rxf3 22. Rxd4 Rdf8 23. Rxd5 Rxf2+ 24. Kg1 Rxb2 0-1

[Event "RF-2022-0-00519"]
[Site "LSS email"]
[Date "2022.04.28"]
[Round "?"]
[White "Endean, Andrew"]
[Black "Pehl, Ferenc"]
[Result "1/2-1/2"]
[WhiteElo "1162"]
[BlackElo "1167"]
[PlyCount "33"]
[EventDate "2021.06.07"]
[EventType "tourn (corr)"]
[EventRounds "6"]
[EventCountry "GER"]
[SourceTitle "Corr 2024"]
[Source "ChessBase"]
[SourceDate "2023.10.19"]
[SourceVersion "1"]
[SourceVersionDate "2023.10.19"]
[SourceQuality "1"]

1. d4 Nf6 2. Bg5 h6 3. Bxf6 exf6 4. Nf3 d5 5. g3 Nc6 6. Bg2 Be7 7. 0-0 0-0 8. Re1 Re8 9. Nbd2 Bf5 10. c3 Qd7 11. e4 dxe4 12. Nxe4 Bxe4 13. Rxe4 Bd6 14. Rxe8+ Rxe8 15. Qd2 a6 16. Re1 Rxe1+ 17. Qxe1 1/2-1/2

[Event "LSS SF-2022-0-00522"]
[Site "LSS email"]
[Date "2022.04.28"]
[Round "?"]
[White "Endean, Andrew"]
[Black "Zmolil, Karel"]
[Result "1/2-1/2"]
[WhiteElo "1162"]
[BlackElo "1026"]
[PlyCount "39"]
[EventDate "2022.02.24"]
[EventType "tourn (corr)"]
[EventRounds "6"]
[EventCountry "GER"]
[SourceTitle "Corr 2024"]
[Source "ChessBase"]
[SourceDate "2023.10.19"]
[SourceVersion "1"]
[SourceVersionDate "2023.10.19"]
[SourceQuality "1"]

1. d4 d5 2. c4 e6 3. Nc3 c6 4. e3 Nf6 5. Nf3 Be7 6. Bd3 0-0 7. 0-0 h6 8. Bd2 Qc7 9. Rc1 Rd8 10. cxd5 exd5 11. a3 Bg4 12. Be2 Bd6 13. Nb5 Qe7 14. Nxd6 Qxd6 15. h3 Bh5 16. Ne5 Bxe2 17. Qxe2 Ne4 18. b4 Nxd2 19. Qxd2 Nd7 20. Nxd7 1/2-1/2

[Event "SE-2021-0-00332"]
[Site "LSS email"]
[Date "2021.12.24"]
[Round "?"]
[White "Wakeham, Marc"]
[Black "Endean, Andrew"]
[Result "1-0"]
[WhiteElo "1315"]
[BlackElo "1393"]
[PlyCount "59"]
[EventDate "2021.06.09"]
[EventType "tourn (corr)"]
[EventRounds "6"]
[EventCountry "GER"]
[SourceTitle "Corr 2024"]
[Source "ChessBase"]
[SourceDate "2023.10.19"]
[SourceVersion "1"]
[SourceVersionDate "2023.10.19"]
[SourceQuality "1"]

1. e4 e5 2. Nf3 Nf6 3. Nxe5 d6 4. Nf3 Nxe4 5. d4 d5 6. Bd3 Nc6 7. 0-0 Be7 8. c4 Nb4 9. Be2 0-0 10. a3 Nc6 11. cxd5 Qxd5 12. Re1 Re8 13. Nc3 Nxc3 14. bxc3 Bg4 15. Bf4 Bf6 16. h3 Bf5 17. Bxc7 Rac8 18. Bf4 b5 19. Nh2 Be4 20. Ng4 Qf5 21. Nxf6+ Qxf6 22. Bg3 a6 23. a4 Na7 24. Bf1 Bc6 25. axb5 Bxb5 26. c4 Bd7 27. Be5 Qg6 28. d5 Bxh3 29. Re3 Bd7 30. Qd4 1-0

[Event "SE-2021-0-00332"]
[Site "LSS email"]
[Date "2021.12.11"]
[Round "?"]
[White "Endean, Andrew"]
[Black "Helmbrecht, John"]
[Result "0-1"]
[WhiteElo "1393"]
[BlackElo "1336"]
[PlyCount "58"]
[EventDate "2021.06.09"]
[EventType "tourn (corr)"]
[EventRounds "6"]
[EventCountry "GER"]
[SourceTitle "Corr 2024"]
[Source "ChessBase"]
[SourceDate "2023.10.19"]
[SourceVersion "1"]
[SourceVersionDate "2023.10.19"]
[SourceQuality "1"]

1. d4 Nf6 2. c4 e6 3. Nf3 d5 4. Nc3 Bb4 5. Bg5 h6 6. Bxf6 Qxf6 7. e3 dxc4 8. Bxc4 0-0 9. 0-0 b6 10. Rc1 Bb7 11. Be2 a6 12. a3 Bxc3 13. Rxc3 Qe7 14. Qc2 Rc8 15. Ne5 c5 16. dxc5 Rxc5 17. Rxc5 bxc5 18. Rd1 Bd5 19. Bf3 Bxf3 20. Nxf3 Nd7 21. Qa4 Nf6 22. Qc4 Rd8 23. Rxd8+ Qxd8 24. Qc1 Qd5 25. h3 Ne4 26. Kf1 Qd3+ 27. Kg1 Qe2 28. Qf1 Qxb2 29. a4 a5 0-1

[Event "SE-2021-0-00023"]
[Site "LSS email"]
[Date "2021.12.07"]
[Round "?"]
[White "Endean, Andrew"]
[Black "Cerne, Peter"]
[Result "0-1"]
[WhiteElo "1317"]
[BlackElo "1382"]
[PlyCount "56"]
[EventDate "2021.03.02"]
[EventType "tourn (corr)"]
[EventRounds "6"]
[EventCountry "GER"]
[SourceTitle "Corr 2024"]
[Source "ChessBase"]
[SourceDate "2023.10.19"]
[SourceVersion "1"]
[SourceVersionDate "2023.10.19"]
[SourceQuality "1"]

1. d4 d6 2. c4 g6 3. Nc3 Bg7 4. Nf3 Nf6 5. e4 Bg4 6. Be2 0-0 7. Be3 Nfd7 8. Rc1 e6 9. 0-0 c5 10. d5 exd5 11. exd5 Bxf3 12. Bxf3 f5 13. Bf4 Ne5 14. Be2 Nbd7 15. Bxe5 Bxe5 16. f4 Bd4+ 17. Kh1 Nf6 18. Qc2 Re8 19. Bf3 Be3 20. Rce1 Bxf4 21. Nb5 Rxe1 22. Rxe1 Be5 23. Nc3 Qa5 24. Re3 a6 25. a3 b5 26. h3 bxc4 27. Be2 Ne4 28. Nxe4 Qe1+ 0-1

[Event "SE-2021-0-00332"]
[Site "LSS email"]
[Date "2021.11.02"]
[Round "?"]
[White "Grimm, Wolfgang"]
[Black "Endean, Andrew"]
[Result "1-0"]
[WhiteElo "1336"]
[BlackElo "1393"]
[PlyCount "59"]
[EventDate "2021.06.09"]
[EventType "tourn (corr)"]
[EventRounds "6"]
[EventCountry "GER"]
[SourceTitle "Corr 2024"]
[Source "ChessBase"]
[SourceDate "2023.10.19"]
[SourceVersion "1"]
[SourceVersionDate "2023.10.19"]
[SourceQuality "1"]

1. Nf3 Nf6 2. d4 d5 3. e3 Bf5 4. Bd3 Bxd3 5. Qxd3 c6 6. 0-0 e6 7. Ne5 Nbd7 8. f4 Ne4 9. Nd2 Ndf6 10. f5 exf5 11. Rxf5 Bd6 12. Nxe4 dxe4 13. Qf1 0-0 14. Bd2 Bxe5 15. Rxe5 Qd7 16. c4 Rfe8 17. Rf5 Rad8 18. Qf4 Re7 19. Bb4 Ree8 20. Rf1 b6 21. Be1 Qd6 22. Bh4 Qxf4 23. R5xf4 Rd7 24. Bxf6 gxf6 25. Rg4+ Kh8 26. Rxf6 Rc7 27. Rh6 b5 28. c5 f5 29. Rgg6 Rf8 30. Rxc6 1-0